| 000 | 01614cam a2200397 a 4500 | ||
|---|---|---|---|
| 999 |
_c174417 _d174417 |
||
| 001 | 14559355 | ||
| 003 | Nust | ||
| 005 | 20180727053635.0 | ||
| 008 | 060920s2007 nyu c 000 1 eng | ||
| 010 | _a 2006028839 | ||
| 020 |
_a9780439791441 _cRs. 316 |
||
| 020 | _a0439791448 | ||
| 035 | _a(OCoLC)ocm74568049 | ||
| 035 | _a(OCoLC)74568049 | ||
| 038 | _aArshad | ||
| 040 |
_aDLC _cDLC _dBKX _dBAKER _dBTCTA _dBIB _dRLS _dEHH _dDLC |
||
| 042 | _alcac | ||
| 050 | 0 | 0 |
_aPZ7.C6837 _bGow 2007 |
| 082 | 0 | 0 |
_a823 _bCOL |
| 100 | 1 |
_aCollins, Suzanne. _97598 |
|
| 245 | 1 | 0 |
_aGregor and the Code of Claw / _cSuzanne Collins. |
| 250 | _a1st ed. | ||
| 260 |
_aNew York : _bScholastic Press, _c2007. |
||
| 300 |
_a412 p. ; _c22 cm. |
||
| 440 | 0 |
_aUnderland chronicles ; _vbk. 5 _912057 |
|
| 520 | _aWhen twelve-year-old Gregor finally learns the ancient prophecy, which foretells his death, he must gather his courage to defend Regalia from the army of rats, take his mother and sister home safely, and fight his own dark side. | ||
| 650 | 1 |
_aBrothers and sisters _vFiction. _97599 |
|
| 650 | 1 |
_aAnimals _vFiction. _97600 |
|
| 650 | 1 |
_aFantasy. _97601 |
|
| 800 | 1 |
_aCollins, Suzanne. _tUnderland chronicles ; _vbk. 5. _912058 |
|
| 856 | 4 | 2 |
_3Publisher description _uhttp://www.loc.gov/catdir/enhancements/fy1116/2006028839-d.html |
| 856 | 4 | 2 |
_3Contributor biographical information _uhttp://www.loc.gov/catdir/enhancements/fy1301/2006028839-b.html |
| 906 |
_a7 _bcbc _corignew _d1 _eecip _f20 _gy-gencatlg |
||
| 942 |
_2ddc _cBK |
||